Peran Kepala Desa Dalam Meningkatkan Pembangunan Desa Di Desa Bumi Rapak Kecamatan Kaubun Kabupaten Kutai Timur (Record no. 10987)
[ view plain ]
| 000 -LEADER | |
|---|---|
| fixed length control field | 00516nam a2200145Ia 4500 |
| 040 ## - CATALOGING SOURCE | |
| Original cataloging agency | ID-SmMUS |
| 084 ## - CALL NUMBER | |
| Call Number (Nomor Katalog) | 234-0642 MAH IP.13 |
| 100 ## - MAIN ENTRY--AUTHOR NAME | |
| Personal name (Pengarang) | Wayan Mahayana |
| 245 #0 - TITLE STATEMENT | |
| Title {Judul} | Peran Kepala Desa Dalam Meningkatkan Pembangunan Desa Di Desa Bumi Rapak Kecamatan Kaubun Kabupaten Kutai Timur |
| 260 ## - PUBLICATION, DISTRIBUTION, ETC. (IMPRINT) | |
| Place of publication (Tempat Terbit/Kota) | Samarinda |
| Name of publisher (Nama Penerbit) | Fisip Unmul |
| Year of publication (Tahun Terbit) | 2013 |
| 650 ## - SUBJECT ADDED ENTRY--TOPICAL TERM | |
| Topical Term (Topik 1) | Theses (Skripsi, Tesis, Disertasi) |
| Relator term (Topik 2) | T-H-E |
| General subdivision (Topik 4) | Skripsi-IP |
| Chronological subdivision (Topik 5) | IP-2013 |
| 700 ## - ADDED ENTRY--PERSONAL NAME | |
| Personal name (Pembimbing) | Dr.Phil I Ketut Gunawan, M.A |
| 942 ## - ADDED ENTRY ELEMENTS (KOHA) | |
| Koha item type | Theses (Skripsi, Tesis, Disertasi) |
| Withdrawn status | Lost status | Damaged status | Not for loan | Permanent Location (Lokasi Permanen) | Current Location (Lokasi Sekarang) | Shelving location (Lokasi Rak) | Date acquired | Cost, normal purchase price | Full call number (Nomor Katalog) | Barcode | Copy number (Jumlah Eksemplar) | Price effective from | Koha item type | Public note (Keterangan) |
|---|---|---|---|---|---|---|---|---|---|---|---|---|---|---|
| Fisip Unmul Main Library | Fisip Unmul Main Library | Bookshelf | 03/26/2022 | 10.00 | 234-0642 MAH IP.13 | 234064201 | 1 | 03/26/2022 | Theses (Skripsi, Tesis, Disertasi) | Program Studi Ilmu Pemerintahan |